| 000 | 00706nam a22001577a 4500 | ||
|---|---|---|---|
| 003 | OSt | ||
| 005 | 20151003161108.0 | ||
| 008 | 151003b xxu||||| |||| 00| 0 eng d | ||
| 040 | _cRUA | ||
| 082 | _aAVM PRO 1993 B073 Or.1 | ||
| 100 |
_91936 _aPROM VISAL |
||
| 245 | _aEffect of replacng dried fish meal by dried cassava leaves meal on thefood digestion and digestive tract of broiler, (ប្រសិទ្អភាពនៃការជំនួសម្សៅត្រីដោយម្សៅស្លឹកដំឡូងឈើទៅលើលទ្ធភាពនៃការរំលាយអាហារ) | ||
| 260 |
_aphnom penh _bRUA _c1993 |
||
| 300 |
_aix, 49p. _bill. _c29cm. |
||
| 942 |
_2ddc _cAVM |
||
| 999 |
_c1830 _d1830 |
||